| 000 | 00753nam a2200253Ia 4500 | ||
|---|---|---|---|
| 003 | OSt | ||
| 005 | 20220928112515.0 | ||
| 006 | a|||||r|||| 00| 0 | ||
| 007 | ta | ||
| 008 | 220927b |||||||| |||| 00| 0 eng d | ||
| 020 | _c10431.700000000001 | ||
| 024 | _a124458 | ||
| 037 |
_b062, 02/09/2014, Classic Book Service _cTextual |
||
| 040 |
_aSDCL _cSDCL _beng |
||
| 041 |
_2eng _aeng |
||
| 082 | _aX64, Q4 | ||
| 100 |
_aTsionas Efthymios G. _9428401 |
||
| 245 | 0 | _aEuro and international financial stability | |
| 260 |
_aCham _bSpringer _c2014 |
||
| 300 |
_aix;308p. _ccm. |
||
| 650 | _aFinancial Studies | ||
| 942 |
_hX64, Q4 _cTEXL _2CC |
||
| 999 |
_c744995 _d744995 |
||